Research methods for political science: quantitative and quatitative methods (Record no. 138716)

MARC details
000 -LEADER
fixed length control field 00418nam a2200145Ia 4500
008 - FIXED-LENGTH DATA ELEMENTS--GENERAL INFORMATION
fixed length control field 230917s9999||||xx |||||||||||||| ||und||
040 ## - CATALOGING SOURCE
-- 114880
Original cataloging agency VIVEKANANDA LIBRARY
041 ## - Language
-- English
082 ## - DDC NUMBER
Classification number 320.072 M231R
100 ## - MAIN ENTRY--PERSONAL NAME
Personal name McNabb, David
245 #0 - TITLE STATEMENT
Title Research methods for political science: quantitative and quatitative methods
260 ## - PUBLICATION, DISTRIBUTION, ETC. (IMPRINT)
Place of publication, distribution, etc New Delhi
Name of publisher, distributor, etc Prentice Hall of of India
Date of publication, distribution, etc 2005
300 ## - PHYSICAL DESCRIPTION
Pages 571p p.
942 ## - ADDED ENTRY ELEMENTS (KOHA)
Koha item type Books
Holdings
Withdrawn status Lost status Damaged status Not for loan Location (home branch) Sublocation or collection (holding branch) Date acquired Koha issues (times borrowed) Koha full call number Accession No. Koha date last seen Koha item type
        VIVEKANANDA LIBRARY VIVEKANANDA LIBRARY 23/04/2008   320.072 M231R 241458 17/09/2023 Books
        VIVEKANANDA LIBRARY VIVEKANANDA LIBRARY 23/04/2008   320.072 M231R 241459 17/09/2023 Books
        VIVEKANANDA LIBRARY VIVEKANANDA LIBRARY 23/04/2008   320.072 M231R 320375 17/09/2023 Books
        VIVEKANANDA LIBRARY VIVEKANANDA LIBRARY 23/04/2008   320.072 M231R 345040 17/09/2023 Books
        VIVEKANANDA LIBRARY VIVEKANANDA LIBRARY 23/04/2008 3 320.072 M231R 345041 23/10/2024 Books
© Designed and Maintained by Vivekananda Library, MDU Rohtak